000
00279nam a2200109Ia 4500
008
200302s9999 xx 000 0 und d
100
_a
Jingmin Zhou
245
_a
Urban Housing Forms
260
_b
Architectural Press in an Imprint of Elsevier
260
_c
2005
300
_a
254 P.,
999
_c
5786
_d
5786